000
00279nam a2200109 4500
008
160629b xxu||||| |||| 00| 0 eng d
100
_9
1377
_a
Johri, B.M., et al
245
_a
Glimpses of Plant Life
260
_a
NCERT
_c
2001
300
_a
Glimpses of Plant Life
942
_2
ddc
_c
BK
999
_c
1135
_d
1135